10 Moments that won Liverpool the 2024/25 Premier League Title - Statistics

General Stats
  • This quiz has been taken 13 times
  • The average score is 9 of 10
Answer Stats
Hint Answer % Correct
On 27th April 2025, a Liverpool player scored a goal from outside the box after 24 minutes to put them in front against Tottenham and win the Premier League title. Who scored it? Alexis Mac Allister
100%
On 18th January 2025, Liverpool beat Brentford 2-0 away from home putting them 6 points clear with two second half stoppage time goals. Who scored the first goal at 90+1’? Darwin Nunez
100%
One day later, Liverpool beat Manchester City 2-0 at the Etihad Stadium to go 11 points clear at the top of the league with a 14th mniute deflected goal from Mo Salah but who scored a goal assisted by Salah 23 minutes later? Dominik Szoboszlai
100%
On 20th April 2025, a Liverpool player scored a half volley to go 1 nil up against Leicester in the 76th minute, putting them 3 points away from the Premier League title. Who scored that half volley? Trent Alexander-Arnold
100%
On 2nd April 2025, Liverpool beat Everton 1-0 to restore their 12 point lead at the top of the Premier League but who scored Liverpool’s goal after 57 minutes? Diogo Jota
92%
On 2nd November 2024, Liverpool beat Brighton at home with a worldie from which player to go two points clear of Manchester City? Mohamed Salah
92%
On 13th April 2025, Liverpool go 2-1 up against West Ham in the 89th minute putting them 5 points from the title. Who scored that goal? Virgil Van Dijk
85%
On 26 February 2025, Liverpool beat Newcastle 2-0 at Anfield to go 13 points clear with a goal from Dominik Szoboszlai after 11 minutes and a goal from which other Liverpool player after 63 minutes? Alexis Mac Allister
77%
On 23rd April 2025, a Crystal Palace player scored an equaliser against Arsenal in the 83rd minute to put Liverpool 1 point away from the title. Who equalised? Jean-Philippe Mateta
69%
On 22nd February 2025, West Ham scored after 44 minutes to go 1 nil up against Arsenal and put Liverpool 8 points clear in the league. Who scored that goal? Jarrod Bowen
62%
No matching quizzes found
Score Distribution
Percent of People with Each Score
Percentile by Number Answered
Your Score History
You have not taken this quiz